Robbins pathologic basis of disease

Guardat en:
Dades bibliogràfiques
Autor principal: ROBBINS, Stanley Leonard, 1915
Format: Llibre
Idioma:anglès
Publicat: W. B. Saunders 1989
Etiquetes: Afegir etiqueta
Sense etiquetes, Sigues el primer a etiquetar aquest registre!

MARC

LEADER 00000nam a22000007a 4500
008 201217b ||||| |||| 00| 0 eng d
020 |a  0-7216-3158-4 
100 |a ROBBINS, Stanley Leonard, 1915  
245 |a Robbins pathologic basis of disease  |c Ramzi S. Cotran, Vinay Kumar, Stanley Leonard Robbins 
250 |b 4th ed. 
260 |b W. B. Saunders  |c 1989  |h Philadelphia  |i 269799  |l RS111 .R55   |m Pathology.   |m Cotran, Ramzi S., 1932 
942 |a lcc  |c BK  |e ADEYEYE Y. S.  |f 17/12/2020 
952 |0 0  |1 0  |2 lcc  |4 0  |6 RS0111 R55  |7 0  |9 705  |a HOL  |b HOL  |c QZ  |d 2020-12-17  |l 0  |o RS111 .R55  |p 2020-229929  |r 2020-12-17 00:00:00  |w 2020-12-17  |y BK 
999 |c 399  |d 399